| 000 | 00736nam a2200217Ia 4500 | ||
|---|---|---|---|
| 003 | GCL | ||
| 005 | 20240530110311.0 | ||
| 008 | 140319s9999 xx 000 0 ara d | ||
| 040 |
_aGCL / _cGCL |
||
| 082 | 0 | 4 |
_b355.02 _bب م |
| 100 | 1 | _aبالى، ا . ى | |
| 245 | 1 | 0 |
_aموسوعة الحرب الالكترونية / _cبالى، ا . ى ؛ ترجمة يوسف ابراهيم الجهمانى |
| 300 | _a622 ص | ||
| 490 |
_aماذا اعرف _v0 |
||
| 650 | 0 | 4 | _aالعلوم الحربية |
| 650 | 0 | 4 | _aالتكتيك الحربى |
| 650 | 0 | 4 | _aالحرب الالكترونية |
| 700 | 1 |
_aمارين، ن . ب _eمؤلف مشارك |
|
| 700 | 1 |
_aيوسف ابراهيم الجهمانى _eمترجم |
|
| 942 |
_2ddc _cBK |
||
| 999 |
_c59639 _d59639 |
||